000
00311nam a22001337a 4500
003
OSt
005
20260115140836.0
008
260115b |||||||| |||| 00| 0 eng d
020
_a
979-8-89373-416-4
040
_c
Seven Seas Enterainment
100
_a
Takano, Hisa
245
_a
Fairy Cat
_n
1
942
_2
ddc
_c
MGA
_n
0
999
_c
1481
_d
1481